[Event "Mittelfrank Regionalliga Nord-West 2122"]
[Site "Mittelfranken"]
[Date "2021.11.14"]
[Round "2.4"]
[White "Kwossek, Georg"]
[Black "Haasner, Tom"]
[Result "1/2-1/2"]
[WhiteElo "1886"]
[BlackElo "1972"]
[PlyCount "79"]
[EventDate "2021.10.24"]
[EventType "team-tourn"]
[EventRounds "9"]
[EventCountry "GER"]
[SourceTitle "EXT 2024"]
[Source "ChessBase"]
[SourceDate "2023.10.10"]
[SourceVersion "1"]
[SourceVersionDate "2023.10.10"]
[SourceQuality "1"]
[WhiteTeam "Kitzingen"]
[BlackTeam "Rottendorf"]
[WhiteTeamCountry "GER"]
[BlackTeamCountry "GER"]

1. d4 d5 2. Nf3 Nf6 3. c4 dxc4 4. g3 e6 5. Bg2 Be7 6. 0-0 c5 7. Qa4+ Nbd7 8. dxc5 0-0 9. Qxc4 Nxc5 10. b4 Nce4 11. Bf4 Qd5 12. Qc2 Qc6 13. Qxc6 bxc6 14. Nfd2 Nxd2 15. Nxd2 Nd5 16. a3 Ba6 17. Bf3 c5 18. bxc5 Bxc5 19. Nb3 Be7 20. Rfd1 Nxf4 21. gxf4 Rad8 22. e3 Bb5 23. a4 Rxd1+ 24. Bxd1 Bc6 25. Nd4 Bd5 26. Rb1 Bf6 27. Bf3 Bxd4 28. Bxd5 Bc3 29. Rb3 Bd2 30. Rd3 Bb4 31. Rb3 a5 32. Bc6 Rc8 33. Be4 g6 34. Kg2 Kg7 35. Rb2 Rc7 36. Rc2 Rd7 37. Bc6 Rc7 38. Be4 Rd7 39. Bc6 Rc7 40. Be4 1/2-1/2

[Event "Guernsey op 45th"]
[Site "Vale"]
[Date "2019.10.21"]
[Round "2"]
[White "Gravett, Alan David"]
[Black "Kwossek, Georg"]
[Result "0-1"]
[WhiteElo "1831"]
[BlackElo "1984"]
[PlyCount "56"]
[EventDate "2019.10.20"]
[EventType "swiss"]
[EventRounds "7"]
[EventCountry "GCI"]
[SourceTitle "EXT 2021"]
[Source "ChessBase"]
[SourceDate "2020.10.23"]
[SourceVersion "1"]
[SourceVersionDate "2020.10.23"]
[SourceQuality "1"]

1. Nf3 f5 2. d4 Nf6 3. g3 g6 4. Bg2 Bg7 5. 0-0 0-0 6. d5 c6 7. c4 d6 8. Nc3 Qe8 9. e4 fxe4 10. Ng5 Na6 11. Ngxe4 Nxe4 12. Nxe4 Nc7 13. c5 dxc5 14. dxc6 b6 15. Bf4 Ne6 16. Qd5 Rf5 17. Nd6 exd6 18. Qxd6 Nxf4 19. gxf4 Qf8 20. Rfd1 Bd4 21. Rxd4 cxd4 22. Qxd4 Be6 23. Rd1 Rxf4 24. Qe5 Re8 25. c7 Rxf2 26. Bc6 Rf5 27. Qe3 Qb4 28. Bxe8 Qg4+ 0-1

[Event "Landesliga Nord 1819"]
[Site "Bayern"]
[Date "2019.02.03"]
[Round "6.6"]
[White "Kwossek, Georg"]
[Black "Nuding, Matthias"]
[Result "0-1"]
[WhiteElo "1943"]
[BlackElo "2033"]
[PlyCount "84"]
[EventDate "2018.10.21"]
[EventType "team-tourn"]
[EventRounds "9"]
[EventCountry "GER"]
[SourceTitle "EXT 2022"]
[Source "ChessBase"]
[SourceDate "2021.10.06"]
[SourceVersion "1"]
[SourceVersionDate "2021.10.06"]
[SourceQuality "1"]
[WhiteTeam "Kitzingen SC"]
[BlackTeam "Nuernberg NT II"]
[WhiteTeamCountry "GER"]
[BlackTeamCountry "GER"]

1. d4 e6 2. Nf3 Nf6 3. g3 b5 4. a4 b4 5. Bg2 Bb7 6. 0-0 c5 7. dxc5 Na6 8. c3 Bxc5 9. Bf4 0-0 10. cxb4 Nxb4 11. Nc3 d5 12. Ne5 Qe7 13. g4 Rfd8 14. Na2 Nd7 15. Nxb4 Bxb4 16. Nd3 Bd6 17. e3 Ba6 18. Re1 Rab8 19. Rb1 Bxd3 20. Bxd6 Qxd6 21. Qxd3 Qb4 22. e4 Nc5 23. Qc3 Nxe4 24. Bxe4 dxe4 25. Qc6 Rd4 26. Qc7 a5 27. Red1 Rd3 28. Re1 Rbd8 29. Qe5 e3 30. Rxe3 Rxe3 31. Qxe3 Qxg4+ 32. Qg3 Qxa4 33. Qc7 Rd1+ 34. Rxd1 Qxd1+ 35. Kg2 Qd5+ 36. Kg1 h5 37. h3 Qd1+ 38. Kg2 a4 39. Qc8+ Kh7 40. Qe8 Kg6 41. Qe7 Qd5+ 42. Kg1 Qg5+ 0-1

[Event "Landesliga Nord 1819"]
[Site "Bayern"]
[Date "2018.11.11"]
[Round "2.4"]
[White "Kwossek, Georg"]
[Black "Goehring, Karl Heinz"]
[Result "1/2-1/2"]
[WhiteElo "1943"]
[BlackElo "2125"]
[PlyCount "89"]
[EventDate "2018.10.21"]
[EventType "team-tourn"]
[EventRounds "9"]
[EventCountry "GER"]
[SourceTitle "EXT 2022"]
[Source "ChessBase"]
[SourceDate "2021.10.06"]
[SourceVersion "1"]
[SourceVersionDate "2021.10.06"]
[SourceQuality "1"]
[WhiteTeam "Kitzingen SC"]
[BlackTeam "Schweinfurt"]
[WhiteTeamCountry "GER"]
[BlackTeamCountry "GER"]

1. f4 d5 2. Nf3 Nf6 3. g3 g6 4. Bg2 Bg7 5. 0-0 0-0 6. d3 c5 7. Qe1 Nc6 8. a4 b6 9. Na3 h6 10. c3 Re8 11. Bd2 Qd7 12. b4 Bb7 13. b5 Na5 14. Ne5 Qe6 15. Rb1 c4 16. Nc2 Qd6 17. Nd4 Nd7 18. dxc4 Nxe5 19. fxe5 Bxe5 20. Bxh6 Bg7 21. Bxg7 Kxg7 22. cxd5 Bxd5 23. e4 Bb7 24. e5 Qc5 25. Bxb7 Nxb7 26. Rc1 Na5 27. Rf2 Nc4 28. e6 f6 29. Qe4 Nd6 30. Qf3 Rac8 31. g4 Qg5 32. Rcf1 Rc4 33. h3 Rec8 34. Nc6 Rc7 35. Rd1 Qc5 36. Qd5 Qxd5 37. Rxd5 Kf8 38. Rxd6 exd6 39. Rxf6+ Ke8 40. Rf3 Re4 41. e7 Rcxe7 42. Nxe7 Kxe7 43. Kf2 Rxa4 44. Re3+ Kd7 45. Rf3 1/2-1/2

[Event "Regionalliga Nord-West 1718"]
[Site "Bayern"]
[Date "2018.03.18"]
[Round "8.6"]
[White "Schmitt, Guenter"]
[Black "Kwossek, Georg"]
[Result "1/2-1/2"]
[WhiteElo "1966"]
[BlackElo "1973"]
[PlyCount "83"]
[EventDate "2017.10.22"]
[EventType "team-tourn"]
[EventRounds "9"]
[EventCountry "GER"]
[SourceTitle "EXT 2022"]
[Source "ChessBase"]
[SourceDate "2021.10.06"]
[SourceVersion "1"]
[SourceVersionDate "2021.10.06"]
[SourceQuality "1"]
[WhiteTeam "Rottendorf"]
[BlackTeam "Kitzingen SC"]
[WhiteTeamCountry "GER"]
[BlackTeamCountry "GER"]

1. c4 f5 2. Nf3 Nf6 3. g3 g6 4. b3 Bg7 5. Bb2 0-0 6. Bg2 d6 7. d4 e5 8. dxe5 Ng4 9. Qd5+ Kh8 10. h3 c6 11. Qd2 Nxe5 12. 0-0 Na6 13. Rd1 Nf7 14. Bxg7+ Kxg7 15. Qd4+ Qf6 16. Qxf6+ Kxf6 17. Nc3 Nc5 18. Nd4 Re8 19. Nxc6 bxc6 20. Bxc6 Be6 21. Bxa8 Rxa8 22. Nb5 Ne4 23. Kg2 Ke7 24. f3 Nf6 25. Nc7 Rc8 26. Nxe6 Kxe6 27. Rac1 a5 28. h4 Rc5 29. Rd4 Ne5 30. Rd2 h6 31. Kf2 Rc7 32. Rdc2 Nfd7 33. Rd1 Nf6 34. Rcd2 Nf7 35. Rd4 Rc5 36. a3 Rc7 37. b4 axb4 38. axb4 Rb7 39. c5 dxc5 40. bxc5 Rc7 41. Rc1 Nd7 42. e4 1/2-1/2

[Event "Kaltern Trophy-A 2nd"]
[Site "Kaltern"]
[Date "2017.10.29"]
[Round "4"]
[White "Kwossek, Georg"]
[Black "Viola, Enrico"]
[Result "1-0"]
[WhiteElo "2038"]
[BlackElo "1878"]
[PlyCount "56"]
[EventDate "2017.10.27"]
[EventType "swiss"]
[EventRounds "5"]
[EventCountry "ITA"]
[SourceTitle "CBM 181 Extra"]
[Source "ChessBase"]
[SourceDate "2017.12.12"]
[SourceVersion "1"]
[SourceVersionDate "2017.12.12"]
[SourceQuality "1"]

1. d4 Nf6 2. Nf3 g6 3. c4 Bg7 4. Nc3 d5 5. cxd5 Nxd5 6. e4 Nxc3 7. bxc3 c5 8. Rb1 Qa5 9. Bd2 Qa3 10. Bb5+ Nd7 11. 0-0 Qa5 12. dxc5 Qc7 13. Bg5 Qxc5 14. Qa4 Qc7 15. Rfd1 f6 16. Be3 e6 17. Bxd7+ Bxd7 18. Qxd7+ Qxd7 19. Rxd7 Kxd7 20. Rxb7+ Kc8 21. Rxg7 Rb8 22. g3 Rb7 23. Rxb7 Kxb7 24. Nd4 e5 25. Nb5 a6 26. Na3 Rc8 27. c4 Kc6 28. Kf1 Rb8 1-0

[Event "Munich OIS op 37th"]
[Site "Munich"]
[Date "2017.10.06"]
[Round "7"]
[White "Ovsepyan, Arshak"]
[Black "Kwossek, Georg"]
[Result "1-0"]
[WhiteElo "2169"]
[BlackElo "2038"]
[PlyCount "69"]
[EventDate "2017.09.30"]
[EventType "swiss"]
[EventRounds "9"]
[EventCountry "GER"]
[SourceTitle "CBM 181 Extra"]
[Source "ChessBase"]
[SourceDate "2017.12.12"]
[SourceVersion "1"]
[SourceVersionDate "2017.12.12"]
[SourceQuality "1"]

1. e4 d6 2. g3 Nf6 3. Bg2 e5 4. Nc3 Be7 5. d3 0-0 6. Nge2 c6 7. 0-0 d5 8. d4 exd4 9. Nxd4 dxe4 10. Nxe4 Nxe4 11. Bxe4 Bf6 12. Be3 Re8 13. Qd3 Nd7 14. Nf3 Qe7 15. Bxh7+ Kh8 16. Rfe1 Qf8 17. Bf5 Ne5 18. Nxe5 Bxe5 19. c3 Be6 20. Bxe6 Rxe6 21. Rad1 Rd6 22. Qf5 Re8 23. Bxa7 Rde6 24. Re4 g6 25. Qh3+ Kg8 26. Rd7 Bg7 27. Rxe6 Rxe6 28. Bb6 Re8 29. Qg4 Bf6 30. Qf3 Re1+ 31. Kg2 Qe8 32. Rxb7 Kg7 33. Be3 Qc8 34. Rb4 Qe6 35. Rf4 1-0

[Event "Landesliga Nord 1617"]
[Site "Bayern"]
[Date "2017.04.02"]
[Round "8.4"]
[White "Bildt, Maximilian"]
[Black "Kwossek, Georg"]
[Result "1/2-1/2"]
[WhiteElo "2082"]
[BlackElo "2016"]
[PlyCount "65"]
[EventDate "2016.10.16"]
[EventType "team-tourn"]
[EventRounds "9"]
[EventCountry "GER"]
[SourceTitle "EXT 2019"]
[Source "ChessBase"]
[SourceDate "2018.10.10"]
[SourceVersion "1"]
[SourceVersionDate "2018.10.10"]
[SourceQuality "1"]
[WhiteTeam "Zirndorf"]
[BlackTeam "Kitzingen"]
[WhiteTeamCountry "GER"]
[BlackTeamCountry "GER"]

1. e4 d6 2. d4 Nf6 3. Nc3 e5 4. Nf3 Nbd7 5. Bc4 Be7 6. 0-0 0-0 7. h3 c6 8. Bb3 exd4 9. Nxd4 Nc5 10. Re1 a5 11. Bc4 Be6 12. Nxe6 fxe6 13. e5 dxe5 14. Qxd8 Raxd8 15. Rxe5 Nd5 16. Bxd5 cxd5 17. Re2 d4 18. Ne4 d3 19. cxd3 Rxd3 20. Bg5 Nxe4 21. Bxe7 Re8 22. Rxe4 Rxe7 23. Rae1 Rd2 24. R1e2 Rxe2 25. Rxe2 Kf7 26. Re5 b6 27. Rb5 Rb7 28. f4 Ke7 29. a4 Kd6 30. Kf2 Kc6 31. b3 Rd7 32. Ke3 Rd1 33. Ke2 1/2-1/2

[Event "Bad Woerishofen op 33rd"]
[Site "Bad Woerishofen"]
[Date "2017.03.13"]
[Round "4"]
[White "Kwossek, Georg"]
[Black "Guggenberger, Guido"]
[Result "1-0"]
[WhiteElo "2050"]
[BlackElo "1971"]
[PlyCount "43"]
[EventDate "2017.03.10"]
[EventType "swiss"]
[EventRounds "9"]
[EventCountry "GER"]
[SourceTitle "EXT 2018"]
[Source "ChessBase"]
[SourceDate "2017.10.13"]
[SourceVersion "1"]
[SourceVersionDate "2017.10.13"]
[SourceQuality "1"]

1. d4 d5 2. c4 e6 3. Nf3 c5 4. cxd5 exd5 5. g3 Nc6 6. Nc3 Nf6 7. Bg2 Be7 8. 0-0 0-0 9. dxc5 Bxc5 10. Bg5 d4 11. Bxf6 Qxf6 12. Nd5 Qf5 13. Nd2 Rd8 14. Be4 Qe5 15. Nf4 Bb6 16. Qc2 f5 17. Bg2 Qb5 18. a4 Qc5 19. Qb3+ Kh8 20. Rfc1 Qb4 21. Qxb4 Nxb4 22. a5 1-0

[Event "Trieste op 18th"]
[Site "Trieste"]
[Date "2016.09.10"]
[Round "9"]
[White "Bergamasco, Tommaso"]
[Black "Kwossek, Georg"]
[Result "1-0"]
[WhiteElo "2200"]
[BlackElo "2060"]
[PlyCount "81"]
[EventDate "2016.09.03"]
[EventType "swiss"]
[EventRounds "9"]
[EventCountry "ITA"]
[SourceTitle "CBM 174 Extra"]
[Source "ChessBase"]
[SourceDate "2016.10.10"]
[SourceVersion "1"]
[SourceVersionDate "2016.10.10"]
[SourceQuality "1"]

1. d4 Nf6 2. Bg5 Ne4 3. Bf4 d5 4. e3 g6 5. Bd3 Bg7 6. Bxe4 dxe4 7. Nd2 f5 8. Ne2 e5 9. Bxe5 Bxe5 10. dxe5 Qe7 11. Nf4 Nc6 12. Qe2 Nxe5 13. 0-0-0 0-0 14. Nc4 Nxc4 15. Qxc4+ Qf7 16. Qa4 g5 17. Ne2 Be6 18. h4 b5 19. Qa5 Bc4 20. Nd4 g4 21. b3 c5 22. Nxb5 Bxb5 23. Qxb5 Rab8 24. Qxc5 Qf6 25. Qd4 Qa6 26. Qd5+ Rf7 27. g3 Qxa2 28. Qe5 Rc8 29. Qb2 Qa5 30. Rd2 Rfc7 31. Rhd1 Rc6 32. Kb1 Qc5 33. Rd8+ Kf7 34. Rxc8 Rxc8 35. Rd2 Rc7 36. Qd4 a5 37. Qxc5 Rxc5 38. Rd7+ Kg6 39. Kb2 Rb5 40. c4 Rc5 41. Rd5 1-0

[Event "Bayern-chI Bank Hofmann 18th"]
[Site "Bad Wiessee"]
[Date "2014.10.28"]
[Round "5"]
[White "Zach, Andreas"]
[Black "Kwossek, Georg"]
[Result "1-0"]
[WhiteElo "2321"]
[BlackElo "2060"]
[PlyCount "52"]
[EventDate "2014.10.25"]
[EventType "swiss"]
[EventRounds "9"]
[EventCountry "GER"]
[SourceTitle "EXT 2015"]
[Source "ChessBase"]
[SourceDate "2014.11.20"]
[SourceVersion "1"]
[SourceVersionDate "2014.11.20"]
[SourceQuality "1"]

1. d4 d5 2. Bf4 c5 3. e3 Nc6 4. c3 Qb6 5. Qb3 c4 6. Qc2 e5 7. dxe5 Bf5 8. Qc1 g5 9. Bg3 h5 10. h4 Bg7 11. hxg5 Bxe5 12. Bxe5 Nxe5 13. Nf3 Nxf3+ 14. gxf3 Ne7 15. Nd2 Qg6 16. f4 h4 17. Nf3 Be4 18. Ne5 Qh5 19. Rh2 Ng6 20. Nxg6 Qxg6 21. Qd1 0-0-0 22. Qd4 f6 23. Qxf6 Qxf6 24. gxf6 Rdf8 25. Be2 Rxf6 26. 0-0-0 Rh5 1-0

[Event "Munich OIS op 32nd"]
[Site "Munich"]
[Date "2012.09.29"]
[Round "1"]
[White "Meister, Peter"]
[Black "Kwossek, Georg"]
[Result "1-0"]
[WhiteElo "2405"]
[BlackElo "2018"]
[PlyCount "35"]
[EventDate "2012.09.29"]
[EventType "swiss"]
[EventRounds "9"]
[EventCountry "GER"]
[SourceTitle "EXT 2013"]
[Source "ChessBase"]
[SourceDate "2012.11.22"]
[SourceVersion "1"]
[SourceVersionDate "2012.11.22"]
[SourceQuality "1"]

1. d4 Nf6 2. Nf3 g6 3. Nc3 d5 4. Bf4 Bg7 5. e3 c6 6. h3 0-0 7. Bd3 Bf5 8. Bxf5 gxf5 9. g4 fxg4 10. hxg4 Nxg4 11. Ne5 f5 12. Nxg4 fxg4 13. Qxg4 Qd7 14. Qh4 Qf5 15. 0-0-0 Nd7 16. Rdg1 Nf6 17. Rg5 Qe6 18. Qh6 1-0